| 000 | 00624cam a22002291 4500 | ||
|---|---|---|---|
| 001 | sa 68000519 | ||
| 003 | DLC | ||
| 005 | 20260227112424.0 | ||
| 008 | 890718s1964 ii b 000 0 hino | ||
| 010 | _asa 68000519 | ||
| 035 | _a(OCoLC)20027268 | ||
| 040 |
_aDLC _cWaU _dDLC |
||
| 042 | _apremarc | ||
| 050 | 0 | 0 |
_aPK840 _b.S5 |
| 100 | 1 |
_aSharma, Brahmanand, _d1923- |
|
| 245 | 1 | 0 | _aSaṃskr̥ta sāhitya meṃ sādrśyamūlaka alaṅkāroṃ kā vikāsa. |
| 260 | _c[1964] | ||
| 300 |
_a3, 412 p. _c23 cm. |
||
| 500 | _aIn Hindi. | ||
| 504 | _aBibliography: p. [408]-412. | ||
| 650 | 0 |
_aSanskrit language _xRhetoric. |
|
| 999 |
_c77265 _d77265 |
||